00298nam a22001097a 4500020001800000082001700018100002600035245006000061260004800121300001200169563000700181 a9781538731734 a152.42 bBRE aSarah, Ban Breathnach aSimple abundance 365 days to a balanced and joyful life aNew York:bGrand Central Publishing,c2019. a601p. : aHB